Countries With The Most Domestic Cats - Statistics

General Stats
  • This quiz has been taken 71 times
  • The average score is 8 of 10
Answer Stats
Amount of Cats Country % Correct
76,430,000 United States
97%
7,700,000 United Kingdom
94%
53,100,000 China
92%
9,600,000 France
91%
7,700,000 Germany
86%
12,700,000 Russia
85%
9,400,000 Italy
83%
7,300,000 Japan
83%
12,466,000 Brazil
71%
7,350,000 Ukraine
22%
No matching quizzes found
Score Distribution
Percent of People with Each Score
Percentile by Number Answered
Your Score History
You have not taken this quiz